LEADER 01225nam a2200325 i 4500 001 991001124249707536 005 20020507183715.0 008 950829s1980 us ||| | eng 020 $a0898711665 035 $ab10804262-39ule_inst 035 $aLE01307414$9ExL 040 $aDip.to Matematica$beng 082 0 $a519.8 082 0 $a575.150151 084 $aAMS 92B15 100 1 $aKingman, J. F. C.$0297816 245 10$aMathematics of genetic diversity /$cJ. F. C. Kingman 260 $aPhiladelphia, PA :$bSIAM (Society for Industrial and Applied Mathematics),$c1980 300 $avii, 70 p. ;$c26 cm. 490 0 $aCBMS-NSF Regional conference series in applied mathematics ;$v34 500 $aBibliography: p. 67-70. 500 $a"Sponsored by Conference Board of the Mathematical Sciences" - Cover 650 4$aBiostatistics 650 4$aPopulation genetics-mathematics 907 $a.b10804262$b23-02-17$c28-06-02 912 $a991001124249707536 945 $aLE013 92B KIN11 (1980)$g1$i2013000034218$lle013$o-$pE0.00$q-$rl$s- $t0$u0$v0$w0$x0$y.i10908687$z28-06-02 996 $aMathematics of genetic diversity$9925860 997 $aUNISALENTO 998 $ale013$b01-01-95$cm$da $e-$feng$gus $h0$i1 LEADER 01113nam0 22002651i 450 001 UON00029915 005 20231205102056.281 100 $a20020107d1984 |0itac50 ba 101 $atur 102 $aTR 105 $a|||| 1|||| 200 1 $aAcilar masal oldu$fYilmaz Gurbuz 210 $aAnkara$cBasbakanlik Basimevi$d1984 288 p. ; 21 cm 410 1$1001UON00000401$12001 $aKültür Bakanl??? Yayinlar?$1210 $aAnkara$cKültür Bakanl?g?$d19- . -$v591 606 $aLETTERATURA INFANTILE$xTURCHIA$3UONC002839$2FI 620 $aTR$dAnkara$3UONL000083 686 $aTUR VI BA$cTurchia - Letteratura - Testi$2A 700 1$aGURBUZ$bYilmaz$3UONV020090$0644756 712 $aBasbakanlik Basimevi$3UONV246213$4650 801 $aIT$bSOL$c20260206$gRICA 899 $aSIBA - SISTEMA BIBLIOTECARIO DI ATENEO E ARCHIVIO STORICO$2UONSI 912 $aUON00029915 950 $aSIBA - SISTEMA BIBLIOTECARIO DI ATENEO E ARCHIVIO STORICO$dSI TUR VI BA 153 $eSI SA 43955 5 153 996 $aAcilar masal oldu$91190409 997 $aUNIOR